| 000 | 00603nam a2200217 a 4500 | ||
|---|---|---|---|
| 001 | 74663 | ||
| 003 | BD-RjUL | ||
| 005 | 20211209082602.0 | ||
| 008 | 181114s1967 b d|||| b|i| 001 0 eng d | ||
| 035 | _a(BD-RjUL) | ||
| 040 |
_aBD-RjUL _beng _cBD-RjUL |
||
| 041 | _aeng | ||
| 082 |
_223 _a306.09 _bKHS 1967 |
||
| 100 | 1 | _4Khan, Fazlur Rahman | |
| 245 | 1 | 0 |
_aSocial History / _cFazlur Rahman Khan |
| 260 |
_aDhaka University : _bDept. of Sociology _c1967 |
||
| 300 |
_aIv, 196 p. : _bill . ; _c22 cm |
||
| 504 | _aIncludes Bibliography and Index | ||
| 650 |
_aSocial History _9224905 |
||
| 942 |
_2ddc _cBK |
||
| 999 |
_c74663 _d74663 |
||